| 000 | 01035nac a22002771i 4500 | ||
|---|---|---|---|
| 003 | EG-ScBUE | ||
| 005 | 20230808125758.0 | ||
| 008 | 230808t1999 fr a f 000 0 eng d | ||
| 020 | _a2080136615 | ||
| 040 |
_aEG-ScBUE _beng _erda _cEG-ScBUE _dEG-ScBUE |
||
| 082 | 0 | 4 |
_a914.21648 _bHOW _222 |
| 100 | 1 |
_aHowes, Karen, _eauthor. |
|
| 245 |
_aLiving in London / _cKaren Howes ; photographs by Simon Upton ; preface by Terence Conran. |
||
| 264 | 1 |
_aParis : _bFlammarion, _c[1999] |
|
| 264 | 4 | _cc1999 | |
| 300 |
_a224 pages : _bcolor illustrations ; _c26 cm |
||
| 336 |
_2rdacontent _atext _btxt |
||
| 337 |
_2rdamedia _aunmediated _bn |
||
| 338 |
_2rdacarrier _avolume _bnc |
||
| 650 | 7 |
_aCity and town life _zEngland _zLondon _xPictorial works. _2BUEsh |
|
| 650 | 7 |
_aInterior decoration _zEngland _zLondon _xPictorial works. _2BUEsh |
|
| 650 | 7 |
_aArchitecture, Domestic _zEngland _zLondon _xPictorial works. _2BUEsh |
|
| 700 | 1 |
_aUpton, Simon, _d1967- _ephotographer. |
|
| 700 | 1 |
_aConran, Terence, _econtributor. |
|
| 942 |
_cBB _2ddc |
||
| 999 |
_c7381 _d7381 |
||